Historia antigua de los pueblos de oriente

Guardat en:
Dades bibliogràfiques
Autor principal: Maspero, Gaston (autor)
Format: Llibre
Idioma:espanyol
Publicat: Madrid Daneil Jorro 1913
Col·lecció:Biblioteca Científico-Filosófica
Matèries:
Etiquetes: Afegir etiqueta
Sense etiquetes, Sigues el primer a etiquetar aquest registre!

MARC

LEADER 00000nam a2200000 a 4500
001 UCH4582
003 CL-VaPUC
008 090827e19130000SP |||||||||||||||||spa|d
082 0 4 |a 930  |b MAS  |2 21 
100 |a Maspero, Gaston  |e autor  |9 540176 
245 1 0 |a Historia antigua de los pueblos de oriente 
300 |a 871 p 
942 |c BK 
945 |d 20090827 00:00:00  |a rbrito 
260 |a Madrid  |b Daneil Jorro  |c 1913 
650 0 |a Historia antigua  |9 267521 
650 7 |a HISTORIA DE EGIPTO  |2 CL-VaPUC  |9 445426 
650 0 |a Imperio Persa  |9 438880 
650 0 |a Judíos  |9 313771 
650 0 |a Asirios   |9 438919 
651 0 |a Egipto   |9 268199 
651 0 |a Israel  |9 314378 
583 |a last modification  |c 20090827 00:00:00  |k Rodrigo Vera 
490 0 |a Biblioteca Científico-Filosófica 
999 |c 335862  |d 335860 
952 |0 0  |1 0  |4 0  |6 930_000000000000000_MAS_1913  |7 0  |8 X  |9 426684  |a FDOBUD  |b FDOBUD  |d 2019-11-22  |i 4592883  |o 930 MAS 1913  |p 4592883  |r 2019-11-22  |w 2019-11-22  |y BK_X  |k BUD